Statistics for Playboi Carti Songs

Click here to take the quiz!

General Stats

  • This quiz has been taken 288 times
  • The average score is 39 of 64

Answer Stats

AlbumArtist(s)Song% Correct
Die LitPlayboi Carti, Lil Uzi VertShoota
87%
Playboi CartiPlayboi CartiMagnolia
86%
Playboi CartiPlayboi Carti, Lil Uzi VertWoke Up Like This
85%
Whole Lotta RedPlayboi Carti, Kanye WestGo2DaMoon
83%
Whole Lotta RedPlayboi CartiSky
83%
Playboi CartiPlayboi CartiLocation
81%
Die LitPlayboi CartiR.I.P
81%
Playboi CartiPlayboi Carti, A$AP RockyNew Choppa
79%
Die LitPlayboi CartiLong Time
75%
Die LitPlayboi Carti, Bryson TillerFell In Luv
73%
Whole Lotta RedPlayboi Carti, Kid CudiMetamorphosis
73%
FeatureTrippie Redd, Playboi CartiMiss The Rage
73%
Whole Lotta RedPlayboi CartiRockstar Made
73%
Whole Lotta RedPlayboi CartiStop Breathing
73%
Playboi CartiPlayboi Carti, Leven KaliFlex
72%
Die LitPlayboi Carti, SkeptaLean 4 Real
72%
Whole Lotta RedPlayboi Carti, FutureTeen X
71%
Die LitPlayboi Carti, Nicki MinajPoke It Out
69%
FeatureTyler, The Creator, Playboi CartiEARFQUAKE
68%
Die LitPlayboi Carti, Travis ScottLove Hurts
67%
Playboi CartiPlayboi Carti, Lil Uzi VertLookin
66%
Whole Lotta RedPlayboi CartiVamp Anthem
66%
Whole Lotta RedPlayboi CartiILoveUIHateU
65%
Die LitPlayboi Carti, Chief KeefMileage
65%
Whole Lotta RedPlayboi CartiNew Tank
65%
Playboi CartiPlayboi CartiKelly K
63%
FeatureDrake, Playboi CartiPain 1993
63%
Die LitPlayboi Carti, Young NudyR.I.P Fredo
63%
Whole Lotta RedPlayboi CartiFeel Like Dyin
62%
Die LitPlayboi Carti, Redd ColdheartedMiddle Of The Summer
62%
Die LitPlayboi Carti, GunnaNo Time
62%
Whole Lotta RedPlayboi CartiNew Neon
61%
Playboi CartiPlayboi CartiNO 9
61%
Whole Lotta RedPlayboi CartiBeno
60%
Die LitPlayboi Carti, Young ThugChoppa Wont Miss
58%
Whole Lotta RedPlayboi CartiDie4Guy
58%
Whole Lotta RedPlayboi CartiMeh
58%
Whole Lotta RedPlayboi CartiOver
58%
Whole Lotta RedPlayboi CartiSlayer
58%
Die LitPlayboi CartiTop
57%
Die LitPlayboi CartiFlatBed Freestyle
56%
Whole Lotta RedPlayboi CartiControl
55%
Whole Lotta RedPlayboi CartiJumpOutTheHouse
55%
Whole Lotta RedPlayboi CartiOn That Time
55%
Whole Lotta RedPlayboi CartiPlace
55%
Die LitPlayboi Carti, Pierre BourneRight Now
55%
Whole Lotta RedPlayboi CartiKing Vamp
54%
Die LitPlayboi CartiForeign
53%
Die LitPlayboi CartiOld Money
53%
Playboi CartiPlayboi CartiYah Mean
53%
Playboi CartiPlayboi CartiHalf & Half
52%
Whole Lotta RedPlayboi CartiNot Playing
52%
Playboi CartiPlayboi CartiLet It Go
51%
Playboi CartiPlayboi CartiDo That Shit
50%
Whole Lotta RedPlayboi CartiNo Sleep
50%
Die LitPlayboi CartiHome
49%
Whole Lotta RedPlayboi CartiPunk Monk
49%
Playboi CartiPlayboi CartiHad 2
48%
Playboi CartiPlayboi CartiLame Niggaz
46%
FeatureMustard, NAV, Playboi Carti, A Boogie Wit Da HoodieBaguettes In The Face
45%
Playboi CartiPlayboi CartiOther Shit
44%
Die LitPlayboi CartiPull Up
44%
FeatureLil Uzi Vert, Playboi Carti, OffsetOf Course We Ghetto Flowers
33%
FeatureGunna, Playboi CartiYSL
33%

Score Distribution

Percentile by Number Answered

Percent of People with Each Score

Your Score History

You have not taken this quiz